000 00658cam a2200229 4500
001 J1328
008 090401t1992 xxu||||| |||| 00| 0 eng d
035 _a(Sirsi) u42911
041 _aeng
110 _aEurope
_bEuropean Communities Council
_92364
245 _aCouncil regulation (EEC) No 3950/92 of 28 December 1992 establishing an additional levy in the milk and milk products sector.
260 _c1992
300 _a5p. ; 30cm.
350 _a0
490 _aRegulation (EEC)
_v3950/92
650 _aEC REGULATIONS
650 _aMILK PRODUCTS
650 _aMILK QUOTAS
690 _aEUROPE-SINGLE MARKET
942 _n0
948 _c04/03/1997
999 _c91204
_d91204